000 00626nam a2200229Ia 4500
003 OSt
005 20221007081238.0
006 a|||||r|||| 00| 0
007 ta
008 221006b |||||||| |||| 00| 0 eng d
024 _a30,390
037 _cTextual
040 _aFLL
_cFLL
_beng
041 _2eng
_aeng
082 _aZ1:2674, P8
100 _aLewinski Silke von
_9696726
245 0 _aInternational copyright law and policy
260 _aNew York
_bOxford University Press New
_c2008
300 _alx,618p
_ccm.
942 _hZ1:2674, P8
_cTEXL
_2CC
999 _c1162503
_d1162503